Statistics for Science Decoder

Click here to take the quiz!

General Stats

  • This quiz has been taken 24,375 times
    (24,358 since last reset)
  • The average score is 22 of 27

Answer Stats

ClueAnswer% Correct
WH2OWater
98%
ETheory proposed by DarwinEvolution
95%
TMeasures temperatureThermometer
94%
ECreator of the Theory of RelativityEinstein
93%
K1,000 metersKilometer
93%
NNeutral atomic particleNeutron
93%
DWhat genes are made ofDNA
92%
NCreator of the Theory of GravitationNewton
91%
SDevice used to weigh itemsScale
91%
LDischarge of electricity from a cloudLightning
89%
OAtmospheric layer that blocks
UV radiation
Ozone
89%
G1600s Italian astronomerGalileo
87%
O1/16th of a poundOunce
87%
EWhat joules are used to measureEnergy
84%
WShort-term version of climateWeather
84%
SArea beyond Earth's atmosphereSpace
83%
FPetrified animal or plant remainsFossil
82%
HStatement offered as a starting
point for experimentation
Hypothesis
82%
DLong period of low rainfallDrought
81%
RElement discovered by the CuriesRadium
79%
OBuilding that houses a telescopeObservatory
76%
IType of rock formed by magmaIgneous
74%
DFacts, statistics or observations
collected together
Data
73%
EA substance on the Periodic TableElement
68%
EBranch of biology that studies
the environment
Ecology
67%
Wonder is the seed of knowledge
55%
EThe study of insectsEntomology
54%

Score Distribution

Percentile by Number Answered

Percent of People with Each Score

Your Score History

You have not taken this quiz since the last reset